zpět

Detail výsledku týmu

Na Pražci, Blansko

Datum a čas kvízu

33.5 Celkem bodů Celkový počet nahraných bodů na tomto kvízu bez doplňovacích otázek.
6. Pořadí na kvízu Konečné umístění týmu na tomto kvízu.

Zaznamenané odpovědi

# Otázka Odpověď Body Výsledky
1. Jeden z řidičů Dopravního podn... Reklama (hnutí SPD) vylepená na voze. 1
2. Jedním z bodů programu předsed... Já jsem Tchajwanec. 1
3. Hlavní cenu Magnesia Litera –... Jan Žižka 1
4. Firma O.L.G.A. dostala od Česk... Vratislav Mynář 0
5. Do koňského nebe odešla minulý... Sixteen 0
6. Když se Roald Amundsen dozvědě... Robert Scott 1
7. Snahy o prozkoumání polárních... William Baffin 0
8. Britský horolezec George Mallo... Nanga Parbat 0
9. Roku 1938 byla poprvé pokořena... Heinrich Harrer, Sedm let v Tibetu 0.5
10. Podmořští výzkumníci Jacques P... batyskaf 0